La conquista de México : catástrofe de los pueblos originarios /

Guardat en:
Dades bibliogràfiques
Autor principal: Semo, Enrique (autor)
Format: Llibre
Idioma:espanyol
Publicat: México : Siglo XXI, 2024, c2024
Edició:2a edición
Col·lecció:(Historia Siglo XXI)
Matèries:
Etiquetes: Afegir etiqueta
Sense etiquetes, Sigues el primer a etiquetar aquest registre!

MARC

LEADER 00000nam^a2200000^a^4500
001 000627525
005 20260203000000.0
009 20260310134056.471
020 |a 978-607-03-1412-4 
037 |a Acervo ITESO - Biblioteca 
041 |a ESP 
082 |a 972. 02  |b SEM 
100 |a Semo, Enrique  |e (autor) 
245 1 3 |a La conquista de México :  |b catástrofe de los pueblos originarios /  |c E. Semo. 
250 |a 2a edición 
264 4 |a México :  |b Siglo XXI,  |c 2024, c2024 
300 |a 533 p. 
336 |a texto  |b txt  |2 rdacontenido 
337 |a sin mediación  |b n  |2 rdamedio 
338 |a volumen  |b nc  |2 rdasoporte 
440 1 |a (Historia Siglo XXI) 
521 |a FIL 2025 DIA 
649 |a XX 
650 |a Indígenas de México -  |x Historia -  |y Descubrimiento y Conquista, 1517-1521 
650 |a Negros en México -  |x Historia -  |y Descubrimiento y Conquista, 1517-1521 
650 |a Esclavitud -  |z México -  |x Historia -  |y Descubrimiento y Conquista, 1517-1521 
650 |a México -  |x Historia -  |y Descubrimiento y Conquista, 1517-1521 -  |x Tema Principal 
650 |a México -  |x Historia -  |y Epoca Colonial, 1517-1821 
910 |a Fondo General 
920 |a Impresos - Libros 
930 |a Colección General 
905 |a 101 
901 |a 627525-10  |b IT1  |c ACC  |i C192162  |u 20260203 
902 |a https://opac.biblio.iteso.mx/vufind/Record/000627525